MARC details
| 000 -CABECERA |
| campo de control de longitud fija |
00800nam a2200253 a 4500 |
| 005 - FECHA Y HORA DE LA ÚLTIMA TRANSACCIÓN |
| campo de control |
20220330181904.0 |
| 008 - ELEMENTOS DE LONGITUD FIJA--INFORMACIÓN GENERAL |
| campo de control de longitud fija |
020128s1997 ag r 000 0 spa d |
| 020 ## - NÚMERO INTERNACIONAL NORMALIZADO PARA LIBROS |
| Número Internacional Estándar del Libro |
9879065336 |
| 035 ## - NÚMERO DE CONTROL DEL SISTEMA |
| Número de control de sistema |
UPN01000115105 |
| 040 ## - FUENTE DE LA CATALOGACIÓN |
| Centro catalogador/agencia de origen |
UPN |
| Lengua de catalogación |
spa |
| Centro/agencia transcriptor |
UPN |
| 049 ## - COLECCIÓN |
| Colección |
CG |
| 050 #4 - SIGNATURA TOPOGRÁFICA DE LA BIBLIOTECA DEL CONGRESO |
| Número de clasificación |
B3316 |
| Número de documento/Ítem |
S3.5 |
| 100 1# - ASIENTO PRINCIPAL--NOMBRE PERSONAL |
| Nombre de persona |
Sautet, Marc |
| 245 10 - MENCIÓN DE TÍTULO |
| Título |
Nietzsche para principiantes / |
| Mención de responsabilidad, etc. |
Marc Sautet, Patrick Boussignac ; tr. Leandro Wolfson. |
| 260 ## - PUBLICACIÓN, DISTRIBUCIÓN, ETC. |
| Lugar de publicación, distribución, etc. |
Buenos Aires : |
| Nombre del editor, distribuidor, etc. |
Era Naciente, |
| Fecha de publicación, distribución, etc. |
c1997 (2003 impr.) |
| 300 ## - DESCRIPCIÓN FÍSICA |
| Extensión |
192 p. : |
| Otras características físicas |
il. |
| 440 #0 - MENCIÓN DE SERIE/ASIENTO SECUNDARIO--TÍTULO |
| Título |
Documentales ilustrados ; |
| Designación de volumen o secuencia |
21 |
| 534 ## - NOTA SOBRE LA VERSIÓN ORIGINAL |
| Frase introductoria |
Traducción de: |
| Mención de título del original |
Nietzsche for beginners |
| 600 14 - ASIENTO SECUNDARIO DE MATERIA - NOMBRE PERSONAL |
| Nombre de persona |
NIETZSCHE, FRIEDRICH WILHELM, |
| Fechas asociadas al nombre |
1844-1900 |
| 650 #4 - ASIENTO SECUNDARIO DE MATERIA - TERMINO TEMATICO |
| Término de materia o nombre geográfico como elemento de entrada |
FILOSOFOS - |
| Subdivisión de forma |
BIOGRAFIA |
| 9 (RLIN) |
15634 |
| 700 1# - ASIENTO SECUNDARIO--NOMBRE DE PERSONAL |
| Nombre de persona |
Boussignac, Patrick, |
| Término indicativo de función/relación |
coaut. |
| 905 ## - TIPO DE MATERIAL |
| Tipo de material |
Libro |
| 942 ## - ELEMENTOS DE PUNTO DE ACCESO ADICIONAL (KOHA) |
| Fuente del sistema de clasificación o colocación |
Library of Congress Classification |
| Tipo de ítem Koha |
Libro |